00638 2200205 4500001002100000005001500021008004100036020001800077035002000095082000800115084001400123100002000137245007000157250000600227260003400233300002900267520011400296650001000410990001200420INLIS00000000000005420240711093245240711 1 ind  a979-222-204-9 a0010-0424000030 a800 a800 IRI i aSintriana, Irin1 aI Bros U ( Kisah Cinta Gea Dan Si Cewe Phobia ) /cIrin Sintriana a1 aYogyakarta :bMedpress,c2007 a283 hlm ;c13 cm x 19 cm aGea, cewek yang hobi ngoleksi bros, jatuh cinta pada bros yang dipakai cowok yang ia temui di toko aksesoris. 4aFiksi a0737327